000 00261nam a2200097Ia 4500
082 _aEKF SEIS
245 0 _aSeisoene
100 _a Olivier, Ezette Germiston, 2009 1ste Afrikaanse uitg
_978026
942 _cBK
008 210817s9999 xx 000 0 und d
999 _c271777
_d271776